000 00327nam a2200109Ia 4500
005 20251222143229.0
008 251222s9999||||xx |||||||||||||| ||spa||
082 _a378.16/A79/Ej.2
245 0 _aI Congreso Nacional y Exposición de Actividades Productivas Universitarias
264 _bAsamblea Nacional de Rectores
942 _cLIB
999 _c14115
_d14115